Регионална библиотека "Любен Каравелов" - Русе

Игри за пионерите (Запис номер 150776)

MARC детайли
000 -Лидер
Контролно поле с фиксирана дължина 01267nam a2200349 c 4500
003 - Код на организацията, давaща контролен номер
Контролно поле BLK
005 - Дата и час на последна редакция
Контролно поле 20220207165650.0
008 - Елементи от данни с фиксирана дължина
fixed length control field 180410b bul|||||r ||||||| ||bul||
010 ## - Наследен системен номер
LC control number KNG00157115000
040 ## - Източник на каталожния запис
Идентификатор на билиотеката - собственик на записа BLK
041 ## - Код за език
Код за езика на текст/звукозапис или на отделно заглавие Български
Код за езика КДБФ Български
080 ## - УДК
УДК код - определител по УДК 793.4/.7
УДК - код + определител 793.4/.7
139 ## - Редно поле
Редна дума Добрева, Верка Кирова и др.
Авторски знак До - Д 66
245 10 - Сведения за заглавието
Заглавие Игри за пионерите
Редно поле (дума) състав. Верка Кирова Добрева; състав. Кольо Генев; худож. Пеньо Вълчанов.
257 ## - Страна на издаване
Страна на създаване/издаване България
260 ## - Област на издателските данни
Име на издателя, разпространителя и проч. Нар. младеж
Година на издаване 1962
Печатница ДПК Д. Благоев
300 ## - Физическа характеристика
Страници 120 с.
Илюстрации и др. с ил.
Размери/Мащаб 17 см
380 ## - Жанр
Жанр Детска отраслова лит.
500 ## - Общи забележки
Забележка 8 100 тир.
650 #4 - Допълнително описание по предмет – тема
Основно описание – тема или топоним Детски игри
9 (RLIN) 241574
653 ## - Ключова дума – ненормативна
Ключова дума игри
653 ## - Ключова дума – ненормативна
Ключова дума литература за деца
653 ## - Ключова дума – ненормативна
Ключова дума детска литература
700 1# - Други автори (авторска отговорност)
Лично име Добрева, Верка Кирова
Автороска отговорност (Описва отношението между автора и произведението) състав.
9 (RLIN) 330456
700 1# - Други автори (авторска отговорност)
Лично име Генев, Кольо
Автороска отговорност (Описва отношението между автора и произведението) състав.
9 (RLIN) 369576
700 1# - Други автори (авторска отговорност)
Лично име Вълчанов, Пеньо
Автороска отговорност (Описва отношението между автора и произведението) худож.
9 (RLIN) 331117
852 ## - Местоположение
Форматна сигнатура Цб І 4767
852 ## - Местоположение
Форматна сигнатура К 334/С 96
856 4# - Електронен адрес и достъп
Електронен формат pdf - файл
856 4# - Електронен адрес и достъп
Електронен формат pdf - файл
999 ## - СИСТЕМНИ КОНТРОЛНИ НОМЕРА
Koha biblionumber 150776
Koha biblioitemnumber 150776
942 ## - АРТИКУЛИ
Вид на библиотечния материал Книги
Скрит в OPAC Не
Периодичен библиозапис Да
944 ## - СЪЗДАВАНЕ И РЕДАКЦИЯ на ЗАПИСА
Създаване/Редакция Създаване
Дата на регистрацията/редакция 21.02.2014
Статус, дата на статуса ф / 21.02.2014
Служител, извършил регистрацията/редакцията Людмила_Стоянова
944 ## - СЪЗДАВАНЕ И РЕДАКЦИЯ на ЗАПИСА
Създаване/Редакция Редакция
Дата на регистрацията/редакция 24.02.2014
Статус, дата на статуса ф / 21.02.2014
999 ## - СИСТЕМНИ КОНТРОЛНИ НОМЕРА
Koha biblioitemnumber 150776
Наличности
Код за отписване Код за изгубен артикул Източник на класификационната схема Код за повреда Коз за рестрикции Код за отдаване Артикулен № Име на библиотеката - собственик Име на библиотеката, в която се намира в момента Статус (Текущо местоположение) Дата на вписване в системата Местоположение - отдел Цена в лева Инвентарен номер Систематично азбучна сигнатура Баркод Номер на екземпляра Цена в евро Служебна бележка Служебен тип на артикула
  Не е изгубен Universal Decimal Classification Не е повреден без рестрикции ползва се в читалня 251927 Регионална библиотека "Любен Каравелов" Русе Регионална библиотека "Любен Каравелов" Русе Хранилище 1962-01-01 Хранилище 0.19 3625/62 К 334/С 96 900000026928 1 0.10 Дост: Dp Вид: Д N: стар фонд Дата: 01.01.1962 Книги
Изтеглен Не е изгубен Universal Decimal Classification Не е повреден без рестрикции заемане за дома 251928 Регионална библиотека "Любен Каравелов" Русе Регионална библиотека "Любен Каравелов" Русе Заемна - подръчен фонд 1962-01-01 Заемна - подръчен фонд 0.00 2651/62 П 79/Д 66 2651/62 2 0.00 Дост: Pk Вид: Ф N: стар фонд Дата: 01.01.1962 Книги
Изтеглен Не е изгубен Universal Decimal Classification Не е повреден без рестрикции заемане за дома 251929 Регионална библиотека "Любен Каравелов" Русе Регионална библиотека "Любен Каравелов" Русе Заемна - подръчен фонд 1962-01-01 Заемна - подръчен фонд 0.00 2650/62 П 79/Д 66 2650/62 3 0.00 Дост: Pk Вид: Ф N: стар фонд Дата: 01.01.1962 Книги
Изтеглен Не е изгубен Universal Decimal Classification Не е повреден без рестрикции заемане за дома 251930 Регионална библиотека "Любен Каравелов" Русе Регионална библиотека "Любен Каравелов" Русе Детски отдел 1962-01-01 Детски отдел 0.19 2873/62 ДН 79/Д 66 2873/62 4 0.10 Дост: Pk Вид: Ф N: стар фонд Дата: 01.01.1962 Дата инв: 06.10.2015 Бележки инв: Д2015 Книги
Vip Innovations Ltd, Rousse, Bulgaria 2025